000 00524nam a2200181 a 4500
005 20250605063836.0
008 991125s1967 mx 000 0 spa u
035 _aUPN01000003801
049 _aCG
050 4 _aLC4035 M6
_bU7.3
100 1 _aUribe Torres, Ana María
245 1 0 _aAportaciones a la educación especial /
_cAna María Uribe Torres.
260 _aMéxico :
_b[s.n.],
_c1967.
300 _a319 p.
650 4 _aEducación especial
_zMéxico
_94834
650 4 _aNiños con discapacidad
_96088
905 _aLibro
999 _c3801
_d3801